000
00328nam a22001457a 4500
008
210305b ||||| |||| 00| 0 eng d
020
_a
071670465
041
_a
eng
080
_2
3th
_a
51
082
_2
51
100
_a
37
101
_a
MAT
245
_a
Mathematics the Man-made universe
_c
Sherman K.Stein
942
_2
udc
_c
BK
999
_c
55795
_d
55795